Statystyki dla 10 największych mórz na świecie

Kliknij tutaj aby rozwiązać quiz!

Ogólne statystyki

  • Ten quiz został rozwiązany 28 razy
  • Średni wynik to 3 z 10

Statystyki odpowiedzi

PowierzchniaMorze% Poprawnych
2 510 000 km²Śródziemne
95%
2 754 000 km²Karaibskie
52%
3 862 000 km²Arabskie
33%
3 490 000 km²Południowochińskie
29%
3 500 000 km²Sargassowe
24%
4 791 000 km²Koralowe
19%
2 800 000 km²Weddella
10%
5 695 000 km²Filipińskie
5%
9 080 000 km²Śródziemne w Australii
5%
4 200 000 km²Amerykańskie Morze Śródziemne
0%

Rozkład punktacji

Percentyl według liczby udzielonych odpowiedzi

Procent ludzi z każdym wynikiem

Twoja historia wyników

Nie rozwiązałeś tego quizu